000 00379nam a2200157Ia 4500
005 20240807062318.0
008 240806s9999||||xx |||||||||||||| ||eng||
041 _aeng
082 _a891.431008
_bJAYA
100 _aJayasi
245 0 _aJaysi sangrah /
_cJayasi
260 _bHindi Parishad Prakashan, Allahabad Viswadiyalaya
300 _a63
650 _aHindi
942 _cBK
999 _c15133
_d15133